00813nam a2200277 a 450000500170000000800410001704000250005804100080008304400070009110000260009824500630012426000320018730000110021950500330023050500270026365000240029065000360031465000220035065000200037265000310039265000230042365000280044665000240047465000240049866200130052220200104041514.0140221b1998 ck ||||| |||| 00| 0 spa d aCO-BoIAVHcCO-BoIAVH aspa ack aLópez, Luis Octavio aPlan nacional de desarrollo forestalbdocumento preliminar aBogotábMinambientec1998 a2 vol. aVol. 1: Documento preliminar aVol.2: Documento final aDesarrollo forestal aConservación de biodiversidad aManejo sostenible aManejo forestal aRestauración ecológica aManejo de recursos aPlantaciones forestales aGestión ambiental aApoyo institucional aColombia